| 000 | 00619cam a2200217ua 4500 | ||
|---|---|---|---|
| 020 | _a0-07-100443-2 | ||
| 041 |
_aeng _h |
||
| 082 |
_a621.381 _bGRO/BA |
||
| 100 | _aGrob, Bernard . | ||
| 245 |
_aBasic electronics / _cBernard Grob. _hTextual Documents |
||
| 250 |
_a1 / _b. |
||
| 260 |
_aSingapore : _bMcGraw-Hill International Book Company , _c1984. |
||
| 300 | _a737 ; . | ||
| 440 | 0 |
_aElectrical and electronics engineering series, _v _x; |
|
| 490 | 0 |
_aElectrical and electronics engineering series, _v _x; |
|
| 500 | _a*CSS | ||
| 504 | _a | ||
| 942 | _cBK | ||
| 999 |
_c10366 _d10366 |
||